00762nam a2200193 i 4500001000700000003000900007005001700016007000300033008004100036080002800077100004200105245013600147260003300283300003000316610004900346852003200395999001900427952012200446142645ES-MaACL20230906200601.0t|071009s1971 sp ||||1| spa d a726.75(46.714 Pobl):2551 aVilarrubias Solanes, Felio A.911482710aHermandad del Monasterio Cisterciense de Santa María de Poblet b: memoria de los año 1968 y 1969 / cpor Felio A. Vilarrubias. aPoblet : bAbadía, c1971. a100 p. : bil. ; c22 cm.2 aMonasterio de Santa María de Poblet.95752 aES-MaACLjC-45061 bR.77882 c142645d142645 00104070aATENEOMbATENEOMcDEPO2d2008-01-17eSCl0oC-45061p1148421r2023-02-23 00:00:00w2023-02-23yMONOGRAFIA